The computer industry
Đã lưu trong:
| Hovedforfatter: | |
|---|---|
| Format: | Bog |
| Sprog: | Undetermined |
| Udgivet: |
Toronto
D. C. Heath and Company
1976
|
| Fag: | |
| Tags: |
Tilføj Tag
Ingen Tags, Vær først til at tagge denne postø!
|
| Thư viện lưu trữ: | Trung tâm Học liệu Trường Đại học Cần Thơ |
|---|
| LEADER | 00549nam a2200205Ia 4500 | ||
|---|---|---|---|
| 001 | CTU_84165 | ||
| 008 | 210402s9999 xx 000 0 und d | ||
| 082 | |a 338.4 | ||
| 082 | |b S693 | ||
| 100 | |a Soma, John T. | ||
| 245 | 4 | |a The computer industry | |
| 245 | 0 | |c John T. Soma | |
| 260 | |a Toronto | ||
| 260 | |b D. C. Heath and Company | ||
| 260 | |c 1976 | ||
| 650 | |a Computer,Computer industry | ||
| 650 | |x Law and legislation | ||
| 650 | |z United States | ||
| 904 | |i Qhieu(sửa) | ||
| 980 | |a Trung tâm Học liệu Trường Đại học Cần Thơ | ||